000 00692nam a2200229 a 4500
001 85087
003 BD-RjUL
005 20250630111025.0
008 250630s1963 enk 000 0 eng
035 _a(BD-RjUL)85087
040 _aDLC
_cCarP
_dDLC
_dBD-RjUL
_beng
041 _aeng
082 _223
_a813.52
_bWED 1963
100 1 _aWest, Nathanael,
_d1903-1940.
_915847
245 1 4 _aThe day of the locust /
_cNathanael West
260 _aSecker & Warburg :
_bPenguin Books in assoc,
_c1963
300 _a214 p.;
_c19 cm.
650 _aMotion picture industry
_xFiction.
_915848
651 _aHollywood (Los Angeles, Calif.)
_xFiction.
_915849
942 _2ddc
_cBK
999 _c85087
_d85087